000 00478nam a2200193Ia 4500
003 GCL
008 140319s9999 xx 000 0 eng d
040 _aGCL /
_cGCL
082 0 4 _a709.04
_bL A
100 1 _aLYNTON, NORBERT
245 1 0 _aL'ART MODERNE /
_cLYNTON, NORBERT
260 _a[S.N] :
_bFLAMMARION ،
_c1994
300 _a400 P
650 0 4 _aARTS
650 0 4 _aMODERN ART
650 0 4 _aHISTORY OF MODERN ART
650 0 4 _aARSIMLOLDO PAINTINGS
942 _2ddc
_cBK
999 _c14106
_d14106